100 najmniejszych miast w Polsce na mapie - Statystyki

Ogólne statystyki
  • Ten quiz został rozwiązany 54 razy
  • Średni wynik to 29 z 100
Odpowiedzi na mapie
Odpowiedzi zakodowano w zielono-czerwonej skali na mapie do tego quizu, zgodnie z poniższymi procentami.
 
Statystyki odpowiedzi
Województwo Miasto Populacja % Poprawnych
pomorskie Krynica Morska 1290
68%
świętokrzyskie Opatowiec 336
68%
zachodniopomorskie Cedynia 1497
57%
zachodniopomorskie Nowe Warpno 1178
49%
podkarpackie Baranów Sandomierski 1430
47%
lubelskie Goraj 917
40%
mazowieckie Mordy 1710
40%
podkarpackie Ulanów 1427
40%
świętokrzyskie Wiślica 506
40%
świętokrzyskie Zawichost 1713
40%
podkarpackie Bircza 987
38%
wielkopolskie Dobra 1352
38%
lubelskie Frampol 1432
38%
podlaskie Jedwabne 1607
38%
podlaskie Kleszczele 1216
38%
świętokrzyskie Pacanów 1132
38%
podlaskie Suraż 983
38%
mazowieckie Czerwińsk nad Wisłą 1010
36%
lubelskie Józefów nad Wisłą 902
36%
małopolskie Koszyce 775
36%
małopolskie Książ Wielki 817
36%
lubelskie Modliborzyce 1459
36%
mazowieckie Osieck 1099
36%
mazowieckie Solec nad Wisłą 939
36%
świętokrzyskie Działoszyce 902
34%
łódzkie Inowłódz 829
34%
świętokrzyskie Nowa Słupia 1356
34%
lubelskie Turobin 873
34%
świętokrzyskie Wodzisław 1082
34%
lubelskie Czemierniki 1307
32%
podkarpackie Dubiecko 866
32%
podkarpackie Jawornik Polski 1190
32%
wielkopolskie Miasteczko Krajeńskie 1080
32%
mazowieckie Nowe Miasto 1530
32%
świętokrzyskie Nowy Korczyn 904
32%
łódzkie Piątek 1690
32%
świętokrzyskie Szydłów 1095
32%
lubelskie Urzędów 1679
32%
łódzkie Grabów 1003
30%
świętokrzyskie Iwaniska 1322
30%
mazowieckie Jadów 934
30%
mazowieckie Jastrząb 1071
30%
podkarpackie Kołaczyce 1427
30%
mazowieckie Odrzywół 967
30%
podlaskie Rajgród 1539
30%
świętokrzyskie Skalbmierz 1263
30%
świętokrzyskie Bogoria 1093
28%
łódzkie Bolimów 899
28%
lubuskie Brody 889
28%
mazowieckie Ciepielów 738
28%
łódzkie Dąbrowice 847
28%
świętokrzyskie Łagów 1543
28%
świętokrzyskie Łopuszno 1402
28%
mazowieckie Lubowidz 1645
28%
mazowieckie Maciejowice 1410
28%
mazowieckie Magnuszew 966
28%
małopolskie Nowe Brzesko 1654
28%
mazowieckie Przytyk 907
28%
lubelskie Siedliszcze 1406
28%
lubuskie Szlichtyngowa 1266
28%
łódzkie Ujazd 1694
28%
mazowieckie Wiskitki 1347
28%
dolnośląskie Wleń 1725
28%
kujawsko-pomorskie Górzno 1403
26%
lubelskie Kamionka 1712
26%
mazowieckie Latowicz 1380
26%
świętokrzyskie Morawica 1708
26%
łódzkie Parzęczew 919
26%
kujawsko-pomorskie Bobrowniki 1104
23%
łódzkie Bolesławiec 1150
23%
kujawsko-pomorskie Gąsawa 1406
23%
łódzkie Jeżów 1278
23%
łódzkie Lutomiersk 1569
23%
łódzkie Osjaków 1350
23%
wielkopolskie Rychtal 1347
23%
świętokrzyskie Stopnica 1414
23%
opolskie Strzeleczki 1539
23%
mazowieckie Wyśmierzyce 896
23%
małopolskie Zakliczyn 1628
23%
łódzkie Żarnów 1074
23%
mazowieckie Gielniów 779
21%
świętokrzyskie Gowarczów 1343
21%
kujawsko-pomorskie Lubień Kujawski 1377
21%
zachodniopomorskie Moryń 1612
21%
lubuskie Otyń 1641
21%
mazowieckie Sienno 928
21%
łódzkie Kiernozia 831
19%
świętokrzyskie Pierzchnica 1160
19%
zachodniopomorskie Suchań 1440
19%
łódzkie Białaczów 1068
17%
mazowieckie Bodzanów 1135
17%
wielkopolskie Dolsk 1553
17%
mazowieckie Głowaczów 825
17%
wielkopolskie Jaraczewo 1403
17%
śląskie Przyrów 1144
17%
łódzkie Rozprza 1689
17%
śląskie Włodowice 1124
17%
wielkopolskie Przedecz 1621
15%
wielkopolskie Krzywiń 1721
13%
wielkopolskie Stawiszyn 1461
11%
Nie znaleziono quizów pasujących do podanych kryteriów
Rozkład punktacji
Procent ludzi z każdym wynikiem
Percentyl według liczby udzielonych odpowiedzi
Twoja historia wyników
Nie rozwiązałeś tego quizu